| 000 | 01397cab a2200265 4500 | ||
|---|---|---|---|
| 001 | ABS55321 | ||
| 008 | 090401t1996 xxu||||| |||| 00| 0 eng d | ||
| 035 | _a(Sirsi) u15739 | ||
| 041 | _aeng | ||
| 245 | _aLandrebe V Lambeth LBC | ||
| 260 | _c1996 | ||
| 350 | _a0 | ||
| 490 |
_aRating & Valuation Reporter _v(1996) 36 RVR 112-126(15) |
||
| 520 | _aLT 28 November 1995. L sought compensation under the Land Compensation Act 1973 ss37 & 38, following his dispossession from a motor vehicle repair workshop. The workshop was located initially at 83a Clive Road but when that property was compulsorily purchased by Lambeth LBC (X), L took up occupation of the adjacent property, 83b. L sought £67,503.30. X argued that the amount should be reduced because compensation was payable on 83a only and that L had been offered an alternative workshop unit which he had refused. "Held" the compensation should be reduced to take the issues raised by X into consideration. £13,024.30 payable by X. | ||
| 650 | _aCOMPENSATION | ||
| 650 |
_aCompulsory purchase _96228 |
||
| 650 | _aEVICTION | ||
| 650 | _aLAND COMPENSAITON ACT 1973 S37 | ||
| 650 | _aLAND COMPENSATION ACT 1973 S38 | ||
| 650 | _aLANDREBE V LAMBETH LBC | ||
| 650 | _aWORKSHOP | ||
| 690 | _aENVIRONMENTAL AND LAND CONSULTANCY-PLANNING AND DEVELOPMENT-COMPULSORY PURCHASE AND COMPENSATION | ||
| 942 | _n0 | ||
| 948 | _c04/03/1997 | ||
| 999 |
_c10350 _d10350 |
||